00442nam a22001457a 4500003000400000005001700004008004100021020001800062050002400080100002500104245007500129250001200204260005900216300002100275ost20140310182520.0130810t xxu||||| |||| 00| 0 eng d a9789715132503 aBC 108b.Ar676 2008 aArdales, Venancio B. aLogic: cVenancio B. Ardalesbtowards critical thinking and reasoning a3rd ed. aErmita, Manila :bEducational Publishing Housecc2008. a267 p. :c23 cm.